Responses for Show #1001 - Monday, January 2, 1989

Cigus Vanni game 2.

Contestants

[<< previous game]

Jennifer Myers Johnson, a teacher from Mission Viejo, California

Dwayne Williams, a law student from Toronto, Canada

Cigus Vanni, a psychologist from Bala Cynwyd, Pennsylvania (whose 1-day cash winnings total $4,000)

[next game >>]

Jeopardy! Round responses

SPAIN
ABBREVIATIONS
TECHNOLOGY
CELEBRITIES
FISH FACTS
LEFTOVERS
    $100 12
(Dwayne: What is rain?)
(Alex: Okay, but we were going for this line; we phrased it a little vaguely--[*]. You have to listen very closely to the clues.)

The rain in Spain stays mainly on the plain

Dwayne
    $100 17
the end of the month

Jennifer
    $100 22
knit

Dwayne
    $100 6
Monty Hall

Jennifer
    $100 1
coral

Jennifer
    $100 11
Gomorrah

Dwayne
    $200 13
Franco

Cigus
    $200 18
automatic data processing

Cigus
    $200 23
a toothpick

Cigus
    $200 7
(Dwayne: Who is Princess Caroline?)
(Jennifer: Who is Princess Grace?)

Princess Di (Princess of Wales)

DwayneJennifer
Triple Stumper
    $200 2
(Dwayne: It is the shortest... what is [*]?)

the shortest (smallest) fish

Dwayne
    $300 14
(Jennifer: Who are the Moors?)
...
(Alex: The Moors came much later, Jennifer.)

the Iberians

Jennifer
Triple Stumper
    $300 19
first in, first out

Dwayne
    $300 24
air conditioning

Jennifer
    $300 8
Sean Penn & Madonna

Jennifer
    $300 3
the archer fish

Cigus
    $400 15
guerilla

Cigus
    $400 20
standard operating procedure

Cigus
    $400 25
(Cigus: What is sawdust?)
...
(Alex: [Seeing Jennifer's light quickly flash on then off before Dwayne's light fully came on] We had a slight malfunction there but Jennifer's light came on first.)

a carpet sweeper

CigusJennifer
    $500 9
[Alex read the portion in brackets but it was not displayed.]
...
(Alex: We'll probably hear more of [*] as we go into the break...)
[Regular outro plays]
(Alex: I lied.)

Neil Diamond

Jennifer
    $400 4
the Red Sea

Dwayne
    $500 16
feast days (saint days)

Cigus
    $500 21
(Alex: We've got about a minute to go.)

free on board

Dwayne
    $500 26
[The end-of-round signal sounds.]

the Stealth Bomber

Dwayne
    $500 10
Tom Clancy

Jennifer
    $500 5
a swim bladder

Jennifer

Scores at the first commercial break (after clue 9):

Cigus Dwayne Jennifer
$300 $400 $1,300

Scores at the end of the Jeopardy! Round:

Cigus Dwayne Jennifer
$1,800 $2,000 $2,300

Double Jeopardy! Round responses

OSCAR FIRSTS
1948
FAMOUS FRENCHMAN
ASTRONOMY
CLASSICAL MUSIC
"SOUTH"ERN GEOGRAPHY
    $200 4
(Alex: Special award, 1934, you're right.)

Shirley Temple

Cigus
    $200 12
who won the World Series

Dwayne
    $200 22
(Alex: We've got a minute to go.)

Marquis de Lafayette

Dwayne
    $200 19
galaxies

Jennifer
    $200 7
(Jennifer: What is cello?)
(Cigus: What is violin?)

viola

CigusJennifer
Triple Stumper
    $200 1
South Africa

Cigus
    $400 13
Cher

Jennifer
    $400 15
["down beat" was shown in lower case.]

Duke Ellington

Jennifer
    $400 23
the Bastille

Cigus
    $400 20
(Dwayne: What is Mercury?)
(Jennifer: What is Pluto?)

Jupiter

DwayneJennifer
Triple Stumper
    $400 8
Tchaikovsky

Triple Stumper
    $400 2
(Jennifer: What is South Carolina?)

South Dakota

Jennifer
Triple Stumper
    $600 14
(Jennifer: Who is Errol Flynn?)

Douglas Fairbanks (Sr.)

CigusJennifer
    $600 18
DDT

Jennifer
    $600 26
Cyrano de Bergerac

Cigus
    $600 21
a corona

Jennifer
    $2,000 9
the (Handel's) Messiah

Cigus
    $600 3
(Dwayne: What is the Sea of China?)

the South China Sea

DwayneJennifer
    $800 16
Jennifer Jones

Triple Stumper
    $800 24
(Dwayne: What is Death in Venice?)

The Loved One

DwayneJennifer
    $800 27
(Jennifer: What is a painter?)
...
[The end-of-round signal sounds.]

fashion designer

Jennifer
Triple Stumper
    $800 10
the Moonlight Sonata

Cigus
    $800 5
New South Wales

Cigus
    $1000 17
Emil Jannings

Triple Stumper
    $1000 25
(Alex: They called him a nincompoop, that may explain it.)
[Laughter]

the Chicago Tribune

Cigus
    $1000 11
(Antonio) Vivaldi

Cigus
    $1000 6
Southampton

Cigus

Scores at the end of the Double Jeopardy! Round:

Cigus Dwayne Jennifer
$10,200 $600 $3,500
(lock game)

[wagering suggestions for these scores]

Final Jeopardy! Round responses

FICTIONAL CHARACTERS
(Alex: [To Dwayne] The 100th anniversary of The Hound of the Baskervilles, published in 1887.)
...
(Alex: [To Cigus] You thought of the hound as a hero? Well, a guy who played on a ladies' hockey team might think that.)
[Laughter]
[ERRATUM: The Hound of the Baskervilles was published in 1902. It was A Study in Scarlet, from 1887, that had the first appearance of Sherlock Holmes.]
DwayneWho is Sherlock Holmes?
$1
JenniferWho is Sherlock Holmes?
$3,500
CigusWho is Hound of the Baskervilles?
$200
Sherlock Holmes

Final scores:

Cigus Dwayne Jennifer
$10,000 $601 $7,000
2-day champion: $14,000 3rd place: Nightfall serigraph by Doug Webb through Martin Lawrence Galleries 2nd place: trip on Delta to Miami & stay at Sonesta International Hotel

Game dynamics:

Coryat scores:

Cigus Dwayne Jennifer
$8,800 $600 $3,400
18 R
(including 1 DD),
2 W
10 R,
4 W
16 R
(including 1 DD),
7 W

Combined Coryat: $12,800

[game clues] [game scores] [suggest correction]

Game tape date: 1988-10-04
The J! Archive is created by fans, for fans. Scraping, republication, monetization, and malicious use prohibited; this site may use cookies and collect identifying information. See terms. The Jeopardy! game show and all elements thereof, including but not limited to copyright and trademark thereto, are the property of Jeopardy Productions, Inc. and are protected under law. This website is not affiliated with, sponsored by, or operated by Jeopardy Productions, Inc. Join the discussion at JBoard.tv.